00000000nam 2200000za 4500
0019.846994
003CaOODSP
00520250410165338
007cr |||||||||||
008171110s1989    onc    |o    f|0| 0 fre d
040 |aCaOODSP|bfre
043 |an-cn---
0861 |aCS11-0019/22F-PDF
1001 |aBaldwin, John R. |q(John Russel)
24513|aLe renouvellement des emplois dans le secteur manufacturier du Canada |h[ressource électronique] / |cpar John R. Baldwin et Paul K. Gorecki.
260 |a[Ottawa] : |bStatistique Canada, |c1989.
300 |a[62] p.
4900 |aDocuments de recherche ; |vno. 22
500 |aPubl. aussi en anglais sous le titre : Job turnover in Canada's manufacturing sectors.
500 |aÉdition numérisée de l'imprimé [par Statistique Canada].
504 |aComprend des références bibliographiques.
520 |a« La présente étude traite de la variation de l'emploi dans le secteur manufacturier au Canada entre les années 70 et le début des années 80. L'évolution de l'économie canadienne suscite un transfert constant de ressources d'une utilisation à une autre. La plupart des études antérieures se sont surtout intéressées à l'ampleur des déplacements des travailleurs d'une industrie à l'autre. Nous examinons plutôt ici la mesure dans laquelle l'emploi est redistribué entre les unités de production du secteur manufacturier canadien en raison du fait que certaines entreprises prospèrent et que d'autres régressent. Pour ce faire, nous étudions à la fois la variation de l'emploi liée à l'entrée et à la sortie d'entreprises et celle qui résulte de la croissance et du déclin des entreprises en place. La redistribution de l'emploi découle de la variation de la taille relative des entreprises dans une industrie par rapport à une autre et à l'intérieur d'une même industrie. »--Résumé.
69207|2gccst|aMobilité de la main-d'oeuvre
69207|2gccst|aIndustrie de la fabrication
7001 |aGorecki, Paul K., |d1948-
7102 |aStatistique Canada. |bDirection des études analytiques.
77508|tJob turnover in Canada's manufacturing sectors |w(CaOODSP)9.846989
830#0|aDocuments de recherche (Statistique Canada. Direction des études analytiques)|vno 22|w(CaOODSP)9.500842
85640|qPDF|s5.39 Mo|uhttps://publications.gc.ca/collections/collection_2017/statcan/11f0019m/CS11-0019-22-fra.pdf